|
|
|
|
| LEADER |
00000cam a2200000 7i4500 |
| 001 |
0000057939 |
| 005 |
20080303.0 |
| 020 |
|
|
|a 967950154X
|
| 090 |
0 |
0 |
|a 697.9
|b ADI
|
| 100 |
1 |
|
|a Adithan, M.
|
| 245 |
1 |
0 |
|a Penyejukan dan penyamanan udara praktikal
|c M. Adithan dan S.C. Laroiya
|
| 260 |
|
|
|a Petaling Jaya :
|b IBS Buku Sdn.Bhd. ,
|c 2001
|
| 300 |
|
|
|a 196p. ;
|c 22cm.
|
| 650 |
0 |
0 |
|a Air conditioning
|x Handbooks,manuals, etc.
|
| 650 |
0 |
0 |
|a Ventilation
|x Handbooks, manuals, etc
|
| 700 |
1 |
|
|a Laroiya, S.C.
|
| 999 |
|
|
|a 00110748
|b BUKU
|c PINJAMAN
|e PERPUSTAKAAN KOMUNITI PETALING JAYA
|
| 999 |
|
|
|a 00110749
|b BUKU
|c PINJAMAN
|e PERPUSTAKAAN KOMUNITI PETALING JAYA
|
| 999 |
|
|
|a 001766
|b BUKU
|c PINJAMAN
|e PERPUSTAKAAN KOMUNITI PETALING JAYA
|